Normal view
MARC view
Entry Topical Term
001 - CONTROL NUMBER
- control field: 1233761
003 - CONTROL NUMBER IDENTIFIER
- control field: OSt
005 - DATE AND TIME OF LATEST TRANSACTION
- control field: 20260401124857.0
008 - FIXED-LENGTH DATA ELEMENTS
- fixed length control field: 260401|| aca||aabn | a|a d
040 ## - CATALOGING SOURCE
- Original cataloging agency: OSt
- Transcribing agency: OSt
150 ## - HEADING--TOPICAL TERM
- Topical term or geographic name entry element: कन्नड कहानी
670 ## - SOURCE DATA FOUND
- Source citation: Work cat.: (OSt)1467320: भैरप्पा, एस. एल. 863160, यान , 2018.
